书目信息 |
| 题名: |
现代传感器技术
|
|
| 作者: | 陈裕泉 , 李光 著 | |
| 分册: | ||
| 出版信息: | 杭州 浙江大学出版社 1995.02 |
|
| 页数: | 431页 | |
| 开本: | 32开 | |
| 丛书名: | ||
| 单 册: | ||
| 中图分类: | TP212 | |
| 科图分类: | ||
| 主题词: | 自动化元件 , 自动化器件 | |
| 电子资源: | ||
| ISBN: | 7-308-01505-X | |
| 000 | 00613nam0 2200217 45 | |
| 001 | 0010071584 | |
| 005 | 20001007152344.6 | |
| 010 | @a7-308-01505-X@d14.00元 | |
| 100 | @a20001007d1995 km y0chiy0120 ea | |
| 101 | 0 | @achi |
| 105 | @a z 000yy | |
| 200 | 1 | @a现代传感器技术@AXian Dai Chuan Gan Qi Ji Shu@f陈裕泉,李光著@FChen Yu Quan,Li Guang Zhu |
| 210 | @a杭州@c浙江大学出版社@d1995.02 | |
| 215 | @a431页@d32开 | |
| 606 | 0 | @a自动化元件 |
| 606 | 0 | @a自动化器件 |
| 690 | @aTP212@v3 | |
| 701 | 0 | @a陈裕泉@4著 |
| 701 | 0 | @a李光@4著 |
| 801 | @aCN@bPftUser@c20001007 | |
| 905 | @b170770-779@dTP212@eCH695@f10 | |
| 现代传感器技术/陈裕泉,李光著.-杭州:浙江大学出版社,1995.02 |
| 431页;32开 |
| ISBN 7-308-01505-X:14.00元 |
| ● |
| 相关链接 |
|
|
|
正题名:现代传感器技术
索取号:TP212/CH695
 
预约/预借
| 序号 | 登录号 | 条形码 | 馆藏地/架位号 | 状态 | 备注 |
| 1 | 170770 | 201707705 | 自科二线504/504自科库 1排2列1层/ [索取号:TP212/CH695] | 在馆 | |
| 2 | 170771 | 201707714 | 自科二线504/504自科库 1排2列1层/ [索取号:TP212/CH695] | 在馆 | |
| 3 | 170772 | 201707723 | 自科二线504/504自科库 1排2列1层/ [索取号:TP212/CH695] | 在馆 | |
| 4 | 170773 | 201707732 | 自科二线504/504自科库 7排2列4层/ [索取号:TP212/CH695] | 在馆 | |
| 5 | 170774 | 201707741 | 自科二线404/404自科库 16排3列3层/ [索取号:TP212/CH695] | 在馆 | |
| 6 | 170775 | 201707750 | 自科二线404/404自科库 16排3列3层/ [索取号:TP212/CH695] | 在馆 | |
| 7 | 170776 | 201707769 | 自科二线504/504自科库 20排1列2层/ [索取号:TP212/CH695] | 在馆 | |
| 8 | 170777 | 201707778 | 自科二线504/504自科库 1排2列1层/ [索取号:TP212/CH695] | 在馆 | |
| 9 | 170778 | 201707787 | 期刊室512/301自科库 36排1列2层/ [索取号:TP212/CH695] | 在馆 | |
| 10 | 170779 | 201707796 | 自科二线504/504自科库 1排2列1层/ [索取号:TP212/CH695] | 在馆 |